| 000 | 00383nam a2200145 a 4500 | ||
|---|---|---|---|
| 001 | 2511 | ||
| 003 | CDMR | ||
| 005 | 20130116135232.0 | ||
| 008 | 130130s1951||||||||||||||||||||||||||||d | ||
| 040 |
_aCDMR _bcat _cCPC GIRONA |
||
| 100 | 1 |
_aValle Abad, Federico del _91885 |
|
| 245 | 1 | 0 |
_aLengua francesa _bCuarto curso _cDel Valle Abad, Federico |
| 260 |
_c1951 _bSenén Martín |
||
| 942 | _cMON | ||
| 999 |
_c2511 _d2511 |
||